| 000 | 00433cam a2200181ua 4500 | ||
|---|---|---|---|
| 020 | _c1.35 | ||
| 041 |
_amal _h |
||
| 082 |
_a340 _bRAT/NI |
||
| 100 | _aRathna Swami, M . | ||
| 245 |
_aNingalariyendathu / _cM Rathna Swami. _hTextual Documents |
||
| 260 |
_aKodungallur : _bKerala Book House , _c1960. |
||
| 300 | _a116 ; . | ||
| 365 | _a1.35 | ||
| 504 | _a | ||
| 942 | _cBK | ||
| 999 |
_c4509 _d4509 |
||